000 00742nam a2200253Ia 4500
003 GCL
008 140319s9999 xx 000 0 ara d
040 _aGCL /
_cGCL
082 0 4 _a509
_bس ت
100 1 _aمارتون، جورج
245 1 0 _aتاريخ العلم /
_cمارتون، جورج
700 1 _aلفيف من العلماء (مترجم)
700 1 _aابراهيم بيومى مدكور
260 _a[S.N] :
_bدار المعارف ،
_c1991
300 _aمتعدد
490 _a
650 0 4 _aتاريخ
650 0 4 _aالعلوم
650 0 4 _aالحضارة الغربية
650 0 4 _aالحضارة اليونانية
650 0 4 _aالهيلنية
650 0 4 _aالهلنسنية
942 _2ddc
_cBK
999 _c28193
_d28193